Netflix Original Shows with 5+ Seasons - Statistics

General Stats
  • This quiz has been taken 50 times
  • The average score is 4 of 18
Answer Stats
Years Series Seasons Released % Correct
2016-2025 Stranger Things 4
85%
2020-Present Outer Banks 4
37%
2018-2025 You 5
33%
2014-2020 BoJack Horseman 6
30%
2013-2018 House of Cards 6
30%
2020-Present Bridgerton 3
26%
2016-2023 The Crown 6
26%
2018-2025 Cobra Kai 6
24%
2011-Present Black Mirror 7
22%
2013-2019 Orange is the New Black 7
22%
2017-2025 Big Mouth 8
17%
2020-Present Emily in Paris 4
13%
2016-2020 Fuller House 5
11%
2019-Present The Witcher 3
11%
2017-2022 Grace and Frankie 7
7%
2015-2021 F is for Family 5
4%
2020-Present Sweet Magnolias 4
4%
2019-Present Virgin River 6
4%
No matching quizzes found
Score Distribution
Percent of People with Each Score
Percentile by Number Answered
Your Score History
You have not taken this quiz